Farmaceutický priemysel

Z obsahu: Farmaceutika často mätie spotrebiteľov, ale teší investorov. Investori nachádzajú dobré príležitosti aj v zlých časoch. Blockbustery sú zlatou baňou i postrachom. Farmaceutický priemysel musí zlepšiť krízový manažment. V priamej reklame je etika často chudobnou príbuznou biznisu.

Salvato in:
Dettagli Bibliografici
Autore principale: Janoška, Juraj
Altri autori: Schönwiesner, Roman
Natura: Capitolo di libro
Lingua:slovacco
Soggetti:
Tags: Aggiungi Tag
Nessun Tag, puoi essere il primo ad aggiungerne!!

MARC

LEADER 00000naa a2200000 4500
001 r043254
005 20230921112304.0
041 0 |a slo 
044 |a SK 
245 1 0 |a Farmaceutický priemysel  |c Juraj Janoška, Roman Schönwiesner 
520 |a Z obsahu: Farmaceutika často mätie spotrebiteľov, ale teší investorov. Investori nachádzajú dobré príležitosti aj v zlých časoch. Blockbustery sú zlatou baňou i postrachom. Farmaceutický priemysel musí zlepšiť krízový manažment. V priamej reklame je etika často chudobnou príbuznou biznisu. 
610 2 0 |a priemysel farmaceutický 
610 2 0 |a spotrebitelia 
610 2 0 |a investori 
610 2 0 |a manažment krízový 
610 2 0 |a reklama 
610 2 0 |a etika 
610 2 0 |a obchod 
610 2 0 |a Slovensko 
610 2 0 |a svet 
100 1 |a Janoška, Juraj 
700 1 |a Schönwiesner, Roman